| 000 | 00352 a2200157 4500 | ||
|---|---|---|---|
| 001 | 152185 | ||
| 040 | _cEscola São Tomás de Aquino | ||
| 100 | _aGUIMARÃES, Ronaldo | ||
| 240 | 1 | 0 |
_aRetratos do tempo _lpor |
| 245 | 1 | 0 | _aRetratos do tempo |
| 300 | _a176 | ||
| 362 | 0 | _a2001 | |
| 440 | 1 | _aDimensão | |
| 697 | _a*LITERATURA JUVENIL | ||
| 942 | _cBK | ||
| 999 |
_c152185 _d152185 |
||